Towards a Market Economy in Central and Eastern Europe
Gespeichert in:
| 1. Verfasser: | |
|---|---|
| Format: | Buch |
| Sprache: | Englisch |
| Veröffentlicht: |
Berlin
Springer
1991
|
| Ausgabe: | 1. ed. |
| Schlagworte: | |
| Tags: |
Keine Tags, Fügen Sie das erste Tag hinzu!
|
MARC
| LEADER | 00000nam a2200000 4500 | ||
|---|---|---|---|
| 001 | c001959 | ||
| 005 | 20230116074554.5 | ||
| 020 | |a 3-540-53922-0 | ||
| 041 | 0 | |a eng | |
| 044 | |a DE | ||
| 245 | 1 | 0 | |a Towards a Market Economy in Central and Eastern Europe |c Herbert Giersch |
| 250 | |a 1. ed. | ||
| 264 | 1 | |a Berlin |b Springer |c 1991 | |
| 300 | |a 168 s. | ||
| 610 | 2 | 0 | |a reformy hospodárske |
| 610 | 2 | 0 | |a Nemecko |
| 610 | 2 | 0 | |a východné Nemecko |
| 610 | 2 | 0 | |a Maďarsko |
| 610 | 2 | 0 | |a Poľsko |
| 610 | 2 | 0 | |a stabilizácia hospodárstva |
| 610 | 2 | 0 | |a hospodárstvo trhové |
| 610 | 2 | 0 | |a transformácia |
| 610 | 2 | 0 | |a ZSSR |
| 610 | 2 | 0 | |a ČSFR |
| 100 | 1 | |a Giersch, Herbert | |